Top 15 największych rollercoasterów na świecie - Statystyki

Ogólne statystyki
  • Ten quiz został rozwiązany 7 razy
  • Średni wynik to 4 z 15
Statystyki odpowiedzi
Top Park rozrywki Rollercoaster % Poprawnych
12 Energylandia POLSKA Hyperion
83%
15 Energylandia POLSKA Zadra
83%
1 Great Adventure in Six Flags USA Kingda Ka
33%
5 Carowinds USA Fury 325
17%
14 Six Flags Magic Mountain USA Goliat
17%
9 Kings Dominion USA Intimidator 305
17%
8 Canada’s Wonderland KANADA Leviathan
17%
7 Cedar Point USA Millennium Force
17%
10 Kings Island USA Orion
17%
4 Ferrari Land HISZPANIA Red Force
17%
3 Six Flags Magic Mountain USA Superman
17%
13 Six Flags Over Texas USA Titan
17%
2 Cedar Point USA Top Thrill 2
17%
11 Fuji-Q Highland JAPONIA Fujiyama
0%
6 Nagashima Spa Land JAPONIA Steel Dragon 2000
0%
Nie znaleziono quizów pasujących do podanych kryteriów
Rozkład punktacji
Procent ludzi z każdym wynikiem
Percentyl według liczby udzielonych odpowiedzi
Twoja historia wyników
Nie rozwiązałeś tego quizu